000 01125nam a2200205Ia 4500
999 _c9936
_d9936
005 20231024152740.0
008 231024s9999 xx 000 0 und d
020 _a978-987-03-1704-3
040 _aUPAN
_cBiblioteca San Vicente
_eRCAA2
041 _aspa
082 _a657.083 5
_bE44m
_c2010
100 _aAle, Miguel Ángel
_4aut.
245 0 _aManual de contabilidad gubernamental/
_cMiguel Ángel Ale
250 _a5° ed.
260 _aBuenos Aires:
_bLa Ley,
_c2010
300 _a394 p.;
_c24 cm.
505 _aTitulo I. Introducciòn al estudio de la Contaduría Pùblica, Titulo II. Previsiòn. Reconocimiento y autorizaciòn legislativa de los gastos. Càlculos de recursos, Titulo III. Ejecuciòn del presupuesto, Titulo IV. Servicio del tesoro, Titulo V. Administraciòn econòmica, Titulo VI. Registro contable de las operaciones(Control escritural), Titulo VII. De las formas de asegurar la responsabilidad de los agentes de la administraciòn, Titulo VIII. El control parlamentario en su fase crìtica, Titulo IX. Descentralizaciòn administrativa
650 _2LEMB
_aContabilidad
_vManual
942 _cBK
_2ddc